কথাশিল্পের নানাদিক / (Record no. 11130)
[ view plain ]
| 000 -LEADER | |
|---|---|
| fixed length control field | 00762nam a2200229 a 4500 |
| 001 - CONTROL NUMBER | |
| JCCL Control Number | 11130 |
| 003 - CONTROL NUMBER IDENTIFIER | |
| JCCL marc code | BD-JhCC |
| 005 - DATE AND TIME OF LATEST TRANSACTION | |
| control field | 20190731180258.0 |
| 008 - FIXED-LENGTH DATA ELEMENTS--GENERAL INFORMATION | |
| fixed length control field | 190631b 2015bg |||| ||a| 000 0 ben d |
| 020 ## - INTERNATIONAL STANDARD BOOK NUMBER | |
| International Standard Book Number | 8172939167 |
| 035 ## - SYSTEM CONTROL NUMBER | |
| system control number | (BD-JhCC)11130 |
| 040 ## - CATALOGING SOURCE | |
| Original cataloging agency | BD-JhCC |
| Modifying agency | BD-JhCC |
| 041 ## - LANGUAGE CODE | |
| Language code of Book | ben |
| 082 ## - DEWEY DECIMAL CLASSIFICATION NUMBER | |
| Classification number | 891.4409 |
| Author mark and Year | BAS 2015 |
| 100 ## - MAIN ENTRY--PERSONAL NAME | |
| Personal name | বসু, অরুণ কুমার |
| 245 ## - TITLE STATEMENT | |
| Title | কথাশিল্পের নানাদিক / |
| Statement of responsibility, etc | অরুণ কুমার বসু । |
| 260 ## - PUBLICATION, DISTRIBUTION, ETC. (IMPRINT) | |
| Place of publication, distribution, etc | কলকাতা: |
| Name of publisher, distributor, etc | মিত্র ও ঘোষ পাবলিশার্স প্রা: লি; |
| Date of publication, distribution, etc | 2015. |
| 300 ## - PHYSICAL DESCRIPTION | |
| Pagination | ৫৯৬ পৃঃ . : |
| Dimensions | ২২ সেমি. |
| 650 ## - SUBJECT ADDED ENTRY--TOPICAL TERM | |
| Topical term or geographic name as entry element | Bengali Litertune |
| 942 ## - ADDED ENTRY ELEMENTS (KOHA) | |
| Source of classification or shelving scheme | Dewey Decimal Classification |
| Koha item type | Books |
| Source of classification or shelving scheme | Damaged status | Not for loan | Home library | Current library | Shelving location | Date of accession | Cost, normal purchase price | Total Checkouts | Full call number | Barcode | Date last seen | Date checked out | Copy number | Koha item type |
|---|---|---|---|---|---|---|---|---|---|---|---|---|---|---|
| Dewey Decimal Classification | JCC Rouf Library | JCC Rouf Library | General Stacks | 08/04/2024 | 900.00 | 1 | 891.4409 BAS 2015 | 14984 | 02/10/2025 | 08/04/2024 | C-1 | Books |